Catálogo

Vista normal Vista MARC

Entrada Personal Name

Número de registros utilizados en: 3

001 - CONTROL NUMBER

  • control field: 4038

003 - CONTROL NUMBER IDENTIFIER

  • control field: DLC

005 - DATE AND TIME OF LATEST TRANSACTION

  • control field: 20211126161215.0

008 - FIXED-LENGTH DATA ELEMENTS

  • fixed length control field: 800825n| acannaabn |a aaa

010 ## - LIBRARY OF CONGRESS CONTROL NUMBER

  • LC control number: n 80097915

035 ## - SYSTEM CONTROL NUMBER

  • System control number: (OCoLC)oca00478899

040 ## - CATALOGING SOURCE

  • Original cataloging agency: DLC
  • Language of cataloging: spa
  • Transcribing agency: Mx-PuUPA
  • Modifying agency: OCoLC
  • Modifying agency: MX-SlUA
  • Modifying agency: OCoLC
  • Modifying agency: Mx-PuUPA
  • Description conventions: rda

046 ## - SPECIAL CODED DATES

  • Birth date: 19200805
  • Death date: 20061006

100 1# - HEADING--PERSONAL NAME

  • Personal name: Junqueira, Luiz Carlos Uchôa,
  • Dates associated with a name: 1920-2006

370 ## - ASSOCIATED PLACE

  • Place of birth: São Paulo, Estado de São Paulo, Brasil
  • Place of death: Poços de Caldas, Minas Gerais, Brasil

374 ## - OCCUPATION

  • Occupation: Autor

375 ## - GENDER

  • Gender: hombre

377 ## - ASSOCIATED LANGUAGE

  • Language code: spa

400 1# - SEE FROM TRACING--PERSONAL NAME

  • Personal name: Junqueira, Luis C.
  • Fuller form of name: (Luis Carlos),
  • Dates associated with a name: 1920-2006

400 1# - SEE FROM TRACING--PERSONAL NAME

  • Personal name: Uchôa Junqueira, Luiz Carlos,
  • Dates associated with a name: 1920-

400 1# - SEE FROM TRACING--PERSONAL NAME

  • Control subfield: nnaa
  • Personal name: Junqueira, Luis C.,
  • Dates associated with a name: 1920-2006

400 1# - SEE FROM TRACING--PERSONAL NAME

  • Personal name: Junqueira, L. C.
  • Fuller form of name: (Luis Carlos),
  • Dates associated with a name: 1920-2006

400 1# - SEE FROM TRACING--PERSONAL NAME

  • Personal name: Junqueira, Luiz C.
  • Fuller form of name: (Luiz Carlos),
  • Dates associated with a name: 1920-2006

670 ## - SOURCE DATA FOUND

  • Source citation: His Basic histology, c1975.

670 ## - SOURCE DATA FOUND

  • Source citation: His Atlas de anatomia microscópica do rato, 1947:
  • Information found: t.p. (Luiz Carlos Uchôa Junqueira)

670 ## - SOURCE DATA FOUND

  • Source citation: LC data base, 11/3/83
  • Information found: (hdg.: Junqueira, Luis C., 1920- )

670 ## - SOURCE DATA FOUND

  • Source citation: Histología básica, 2000:
  • Information found: t.p. (L.C. Junqueira) pref. (Luiz C. Junqueira)